Trendy rozvoje a inovační změny strojírenských technologií

Salvato in:
Dettagli Bibliografici
Autore principale: Sidorin, Evžen
Natura: Libro
Lingua:ceco
Pubblicazione: Praha Ústředí vědeckých, technických a ekonomických informací 1986
Serie:Prognostická studie
Tags: Aggiungi Tag
Nessun Tag, puoi essere il primo ad aggiungerne!!

MARC

LEADER 00000nam a2200000 4500
001 c027815
005 20251204112148.9
041 0 |a cze 
044 |a CZ 
245 1 0 |a Trendy rozvoje a inovační změny strojírenských technologií  |c Evžen Sidorin a kol. 
264 1 |a Praha  |b Ústředí vědeckých, technických a ekonomických informací  |c 1986 
300 |a 56 s. 
490 1 |a Prognostická studie 
830 0 |a Prognostická studie 
100 1 |a Sidorin, Evžen